| 000 | 01226njm a22002777a 4500 | ||
|---|---|---|---|
| 005 | 20100908114746.0 | ||
| 006 | a|||||r|||||00| 0 | ||
| 007 | sd ammalaaahaa | ||
| 008 | 100901t xxu||||| |||| 00| 0 eng d | ||
| 028 |
_aGE-33518 _bColumbia |
||
| 035 | _aGR-853 | ||
| 040 |
_aSED _cSED |
||
| 100 |
_aMukash _917816 |
||
| 245 |
_aBindiya / _h[Gramophone Recoding] : _cby Mukash ,Usha khanna |
||
| 246 | _aबिंदिया ( मुकश ,उषा खन्ना ) | ||
| 260 |
_aDum Dum, India: _bHis Master 's Voice |
||
| 300 |
_a1 sound Disc [GramaphoneRecording] : _banalog, 33 1/3 rpm ; _c9.5 in (MP) _fGramaphone Records |
||
| 500 | _aBrief Record | ||
| 505 |
_a1दिखाई यूं न बिंदिया ( मुकेश ,उषा खन्ना )Dikhai yoon na ( Mukash ,Usha khanna)(Bindiya) साइड २ नशा सा (लता ) (बिंदिया ) Side 2 Nasha sa(Lata) (Bindiya) _g |
||
| 650 |
_aMotion Picture Music _xExcerpts _zIndia _917817 |
||
| 700 |
_918629 _akhanna Usha |
||
| 700 |
_aRajender Kirshan _918882 |
||
| 700 |
_aIqbal Qureshi _918883 |
||
| 942 |
_2ddc _cGR |
||
| 999 |
_c44423 _d44423 |
||